|
|
|
|
| LEADER |
00000naa2a2200000 4500 |
| 001 |
235303 |
| 005 |
20260316142148.0 |
| 035 |
|
|
|a (RuTPU)RU\TPU\book\256437
|
| 035 |
|
|
|a RU\TPU\book\256435
|
| 090 |
|
|
|a 235303
|
| 100 |
|
|
|a 20130408d2011 k y0rusy50 ca
|
| 101 |
0 |
|
|a rus
|
| 102 |
|
|
|a RU
|
| 135 |
|
|
|a drnn ---uucaa
|
| 181 |
|
0 |
|a i
|
| 182 |
|
0 |
|a b
|
| 200 |
1 |
|
|a Экспертные методы в оценке дизайна изделий
|f В. В. Дронов
|g науч. рук. М. С. Кухта
|
| 203 |
|
|
|a Текст
|c электронный
|
| 225 |
1 |
|
|a Дизайн и технология художественной обработки материалов
|
| 300 |
|
|
|a Заглавие с титульного экрана
|
| 320 |
|
|
|a [Библиогр.: с. 307 (7 назв.)]
|
| 337 |
|
|
|a Adobe Reader
|
| 461 |
|
1 |
|0 (RuTPU)RU\TPU\book\255301
|t Современные техника и технологии
|o сборник трудов XVII международной научно-практической конференции студентов, аспирантов и молодых ученых, Томск, 18-22 апреля 2011 г
|o в 3 т.
|f Национальный исследовательский Томский политехнический университет (ТПУ)
|d 2011
|
| 463 |
|
1 |
|0 (RuTPU)RU\TPU\book\255308
|t Т. 3
|v [С. 306-307]
|d 2011
|
| 610 |
1 |
|
|a труды учёных ТПУ
|
| 610 |
1 |
|
|a электронный ресурс
|
| 610 |
1 |
|
|a экспертные оценки
|
| 610 |
1 |
|
|a дизайн
|
| 610 |
1 |
|
|a изделия
|
| 700 |
|
1 |
|a Дронов
|b В. В.
|c российский ученый, специалист в области автоматизация проектирования
|c заведующий лабораторией компьютерных систем и моделирования Томского политехнического университета
|f 1975-
|g Владимир Владимирович
|3 (RuTPU)RU\TPU\pers\28637
|
| 702 |
|
1 |
|a Кухта
|b М. С.
|c российский ученый, специалист в области философии науки и техники
|c профессор Томского политехнического университета, доктор философских наук
|f 1963-
|g Мария Сергеевна
|4 727
|
| 801 |
|
2 |
|a RU
|b 63413507
|c 20160512
|g RCR
|
| 856 |
4 |
|
|u http://www.lib.tpu.ru/fulltext/c/2011/C01/V03/147.pdf
|
| 942 |
|
|
|c CF
|